Alternativas de alfabetización en América Latina y el Caribe

Saved in:
Bibliographic Details
Main Author: Braslavsky, Cecilia (Author)
Format: Book
Language:Spanish
Published: Santiago UNESCO-OREALC 1988
Subjects:
Tags: Add Tag
No Tags, Be the first to tag this record!

MARC

LEADER 00000nam a2200000 a 4500
001 UCW3581
003 CL-VaPUC
008 881114e19880000CL |||||||||||||||||spa|d
082 0 4 |a 379.24  |b BRA  |2 21 
100 0 |a Braslavsky, Cecilia  |e author  |9 307897 
245 1 0 |a Alternativas de alfabetización en América Latina y el Caribe 
300 |a 402 p 
942 |c BK 
945 |d 19881114 00:00:00 
260 |a Santiago  |b UNESCO-OREALC  |c 1988 
650 0 |a Alfabetización   |x Educación  |9 307898 
650 0 |a Alfabetización   |x Educación  |9 307898 
651 0 |a América Latina   |9 255027 
651 7 |a ISLAS CARIBES  |2 CL-VaPUC  |9 255533 
583 |a last modification  |c 19881114 00:00:00  |k Rodrigo Vera 
999 |c 217545  |d 217543 
952 |0 0  |1 0  |4 0  |6 379_240000000000000_BRA_1988  |7 0  |8 P  |9 205412  |a BIBEDU  |b BIBEDU  |c BIBEDU_PB  |d 2019-11-15  |i 2732998  |o 379.24 BRA 1988  |p 2732998  |r 2024-01-25  |w 2019-11-15  |y BK  |k EDU